Capitals by Middle Letter Quiz Stats

Quiz not verified by Sporcle

Also try: London Underground
Challenge
Share
Tweet
Embed
Score 0/197 Timer 07:00
0 Plays Today
Middle Letter % Correct
h
97.2%
h
97.2%
g
97.2%
g
97.2%
b
94.4%
i
94.4%
o
94.4%
s
94.4%
a
94.4%
n
94.4%
o
94.4%
m
94.4%
p
94.4%
r
94.4%
f
94.4%
d
94.4%
m
94.4%
m
94.4%
u
94.4%
a
94.4%
j
94.4%
j
94.4%
o
94.4%
i
94.4%
i
94.4%
l
94.4%
l
94.4%
r
94.4%
l
94.4%
c
94.4%
o
94.4%
a
94.4%
a
94.4%
u-
94.4%
i
94.4%
j
94.4%
a
94.4%
s
94.4%
k
94.4%
m
94.4%
r
94.4%
t
94.4%
p
94.4%
d
94.4%
n
94.4%
l
94.4%
l
94.4%
i
94.4%
b
94.4%
o
94.4%
b
94.4%
r
94.4%
m
94.4%
a
94.4%
u
94.4%
m
94.4%
o
94.4%
a
94.4%
a
94.4%
s
94.4%
a
94.4%
t
94.4%
k
94.4%
a
94.4%
l
94.4%
i
94.4%
Middle Letter % Correct
d
94.4%
o
94.4%
b
94.4%
k
94.4%
a
94.4%
f
94.4%
n
94.4%
p
94.4%
i
94.4%
a
94.4%
a
94.4%
n
94.4%
n
94.4%
e
91.7%
y
91.7%
e
91.7%
si
55.6%
si
55.6%
ta
52.8%
ta
52.8%
al
50%
an
50%
ma
50%
an
50%
al
50%
ma
50%
al
50%
ma
50%
ma
50%
la
47.2%
le
47.2%
in
47.2%
im
47.2%
ar
47.2%
as
47.2%
in
47.2%
na
44.4%
mo
44.4%
gr
44.4%
de
44.4%
co
44.4%
na
44.4%
sc
44.4%
ni
44.4%
sc
44.4%
gr
44.4%
ha
44.4%
ra
41.7%
ti
41.7%
ag
41.7%
do
41.7%
ev
41.7%
ap
41.7%
om
41.7%
ra
41.7%
sl
41.7%
er
41.7%
do
41.7%
il
41.7%
om
41.7%
ka
41.7%
nd
41.7%
ev
41.7%
ra
41.7%
en
38.9%
ak
38.9%
Middle Letter % Correct
aj
38.9%
am
38.9%
sa
38.9%
he
38.9%
ig
38.9%
ir
38.9%
am
38.9%
sb
38.9%
to
38.9%
is
38.9%
to
38.9%
dr
38.9%
sa
38.9%
be
36.1%
go
36.1%
se
36.1%
hr
36.1%
it
36.1%
se
36.1%
oh
36.1%
ip
36.1%
ss
33.3%
ss
33.3%
ss
33.3%
va
33.3%
bo
33.3%
ss
33.3%
bl
33.3%
et
33.3%
pi
33.3%
et
33.3%
af
33.3%
ng
30.6%
ro
30.6%
ro
30.6%
ga
30.6%
ub
30.6%
ga
30.6%
uv
27.8%
st
27.8%
dh
27.8%
ek
27.8%
rs
27.8%
ya
27.8%
dh
27.8%
ge
25%
ge
25%
op
25%
ju
25%
or
22.2%
sh
22.2%
nh
22.2%
gs
22.2%
on
22.2%
pu
22.2%
hk
22.2%
rl
19.4%
mb
19.4%
tr
19.4%
nc
16.7%
nj
13.9%
tv
13.9%
kc
11.1%
rt
5.6%
2.8%

You're not logged in!

Compare scores with friends on all Sporcle quizzes.
Sign Up with Email
OR
Log In

You Might Also Like...

Show Comments

Extras

Top Quizzes Today


Score Distribution

Your Account Isn't Verified!

In order to create a playlist on Sporcle, you need to verify the email address you used during registration. Go to your Sporcle Settings to finish the process.